LIBRARY & INFORMATION CENTRE, KCAET, TAVANUR

ONLINE PUBLIC ACCESS CATALOGUE (OPAC)

Analysis of oilseeds, fats and fatty foods / (Record no. 157)

MARC details
000 -LEADER
fixed length control field 00464cam a2200181ua 4500
020 ## - INTERNATIONAL STANDARD BOOK NUMBER
ISBN 1-85166-614-1
041 ## - LANGUAGE CODE
Language code of text/sound track or separate title eng
082 ## - DEWEY DECIMAL CLASSIFICATION NUMBER
Classification number 664.3
Item number ROS/AN
100 ## - MAIN ENTRY--AUTHOR NAME
Personal name Rossel, J B.
245 00 - TITLE STATEMENT
Title Analysis of oilseeds, fats and fatty foods /
250 ## - EDITION STATEMENT
Edition statement 1 /
260 ## - PUBLICATION, DISTRIBUTION, ETC. (IMPRINT)
Place of publication London :
Name of publisher Elsevier applied sciences ,
Year of publication 1991.
300 ## - PHYSICAL DESCRIPTION
Number of Pages 58 ; .
700 1# - ADDED ENTRY--PERSONAL NAME
Personal name Pritchard, J L R.
942 ## - ADDED ENTRY ELEMENTS (KOHA)
Koha item type Books
Holdings
Withdrawn status Lost status Damaged status Home library Current library Shelving location Date acquired Full call number Accession Number Koha item type
      KAUAET KAUAET General Stacks 07/04/2012 664.3 19885 Books
free website counter